LEADER 00950nam a2200217 i 4500 001 000000166008 003 CaOOAMICUS 005 20231121114136.0 008 071103s1921 it u000 u ita u 013 $a143376 040 $aSeMil$bita 245 10$aRicordi di Ravenna medioevale :$bnel 6. centenario della morte di Dante. 260 $aRavenna :$bEditrice Ravennate,$c1921. 300 $aX, 230 p., [24] p. di tav. ;$c25 cm. 650 4$aAlighieri, Dante <1265-1321> - Celebrazioni.$0(OLS)http://semarc/subject/51364 650 4$aRavenna - Storia - Medioevo.$0(OLS)http://semarc/subject/54747 850 $aSeMil 852 $aSeMil$W1$xVenegono$y1$m1M V 13$j117179$B117179$CSeMilBibl$Z2$F127987 $81 996 $6245$aRicordi di Ravenna medioevale :$bnel 6. centenario della morte di Dante$9(OLS)http://semarc/title/237091 996 $6260$aRavenna :$bEditrice Ravennate$9(OLS)http://semarc/publisher/48640 LEADER 00707nam a2200169 i 4500 001 000000029209 003 CaOOAMICUS 005 20180830125448.0 008 180830s1922 it u000 u ita u 040 $aSeMil$bita 245 13$aLa Sacra Bibbia :$btradotta dai testi originali con note /$cper cura del Pontificio Istituto Biblico di Roma. 260 $aMilano :$bVita e Pensiero,$c1922. 300 $av. ;$c22 cm. 710 2 $aPontificio Istituto Biblico .$0(OLS)http://semarc/name/757 774 0 $tPentateuco.$gVol.1$w()225329 996 $6245$aLa Sacra Bibbia :$btradotta dai testi originali con note$9(OLS)http://semarc/title/39672 996 $6260$aMilano :$bVita e Pensiero$9(OLS)http://semarc/publisher/29642